Station 19 - Characters - Statistiques

Statistiques générales
  • Ce quiz a été pris 483 fois
  • Le résultat moyen est 12 sur 16
Statistiques - réponses
Par images Réponse % Correct
Andrea (Andy) Herrera
97%
Maya Bishop
97%
Ben Warren
94%
Travis Montgomery
92%
Jack Gibson
88%
Pruitt Herrera
88%
Carina Deluca
86%
Robert Sullivan
84%
Dean Miller
83%
Vic (Victoria) Hughes
81%
Theo Ruiz
66%
Sean Beckett
49%
Ryan Tanner
48%
Rigo Vasquez
45%
Emmet Dixon
44%
Chief Frankel
28%
Aucun quiz correspondant
Distribution des résultats
% des personnes avec chaque résultat
Percentile par nombre de réponses
Votre historique - résultats
Vous n’avez pas pris ce quiz